000
00265nam a22001097a 4500
008
190129b xxu||||| |||| 00| 0 eng d
020
_a
9780781763226
082
_2
10 th
_a
616.31
245
_a
Dentaln Hygienist
_b
Wilkins M. Esther
300
_a
1
942
_2
ddc
_c
VM
999
_c
53859
_d
53859